00728nam a2200241 a 4500001001300000003000900013005001700022008004100039020001000080082001700090100001900107245007600126260004100202300000900243500003500252505001200287650002100299700001900320902000800339942000700347952011700354999001500471nice12345678IN_TiNIC20260116011530.0050524s1961 newa grp 000 0 eng  ac10000a296.155bBLA aBlack, Matthew aScrolls and Christian Originsb Studies in the Jewish Background of N T aNew YorkbThomas Nelson & Sonsc1961 a206p aincludes index and biblioraphy2 aIndexes aDead Sea Scrolls1 aBlack, Matthew bSRS cBK 001040708StackRoom-aHMIbHMId2007-07-27g100.00l0o296.155 BLAp02878r2007-07-27v100.00w2005-05-24yBK c2376d2376